China or India, Crops - Statistics

General Stats
  • This quiz has been taken 53 times
  • The average score is 13 of 24
Answer Stats
Hint Answer % Correct
Mango India
82%
Banana India
76%
Rice China
73%
Horse China
73%
Milk India
69%
Okra India
67%
Cabbage China
64%
Watermelon China
62%
Tomato China
60%
Chickpea India
58%
Kiwi China
56%
Buffalo India
56%
Chestnut China
53%
Honey China
53%
Nutmeg India
53%
Cotton China
51%
Ginger India
51%
Tea China
49%
Millet India
47%
Lemon India
47%
Wood fuel India
44%
Chili pepper China
38%
Cinnamon China
36%
Silk India
24%
No matching quizzes found
Score Distribution
Percent of People with Each Score
Percentile by Number Answered
Your Score History
You have not taken this quiz